[Event "BCF-ch Seniors 50"]
[Site "Bournemouth"]
[Date "2016.08.04"]
[Round "6"]
[White "Newell, David F"]
[Black "Reuben, Stewart"]
[Result "1/2-1/2"]
[WhiteElo "1908"]
[BlackElo "2033"]
[PlyCount "60"]
[EventDate "2016.07.30"]
[EventType "swiss"]
[EventRounds "7"]
[EventCountry "ENG"]
[SourceTitle "CBM 173 Extra"]
[Source "ChessBase"]
[SourceDate "2016.08.29"]
[SourceVersion "1"]
[SourceVersionDate "2016.08.29"]
[SourceQuality "1"]

1. Nf3 c5 2. c4 g6 3. Nc3 Bg7 4. e3 Nf6 5. d4 0-0 6. Bd3 d6 7. 0-0 Re8 8. d5 e5 9. e4 Bd7 10. h3 Na6 11. Be3 Nh5 12. Qd2 f5 13. Bg5 Bf6 14. Bxf6 Qxf6 15. Qg5 Qxg5 16. Nxg5 Nf4 17. Bb1 h6 18. Nf3 Nc7 19. Nh4 Rf8 20. g3 Nxh3+ 21. Kg2 f4 22. Nxg6 Rf7 23. Bd3 Ng5 24. Rh1 fxg3 25. fxg3 Kg7 26. Nh4 Re8 27. Raf1 Rxf1 28. Kxf1 Re7 29. Rh2 Ne8 30. Rf2 a6 1/2-1/2

[Event "BCF-ch Seniors 50 U150"]
[Site "Coventry"]
[Date "2015.07.31"]
[Round "5"]
[White "Newell, David F"]
[Black "Norman, Dinah M"]
[Result "1-0"]
[WhiteElo "1874"]
[BlackElo "1839"]
[PlyCount "79"]
[EventDate "2015.07.27"]
[EventType "swiss"]
[EventRounds "5"]
[EventCountry "ENG"]
[SourceTitle "CBM 167 Extra"]
[Source "ChessBase"]
[SourceDate "2015.09.14"]
[SourceVersion "1"]
[SourceVersionDate "2015.09.14"]
[SourceQuality "1"]

1. f4 d5 2. Nf3 Nf6 3. g3 c6 4. Bg2 Qb6 5. e3 Bg4 6. h3 Bxf3 7. Qxf3 e6 8. 0-0 Nbd7 9. d4 0-0-0 10. Nd2 h5 11. c4 g6 12. c5 Qc7 13. b4 Bg7 14. Rb1 a6 15. a4 Nb8 16. b5 Kd7 17. Qe2 Ke7 18. Ba3 axb5 19. axb5 Rd7 20. Nb3 Rc8 21. Bb4 Qd8 22. Ra1 Kf8 23. Ra7 Kg8 24. Rfa1 Qe7 25. Qe1 Kh7 26. Ra8 Qe8 27. Bf1 Ne4 28. R1a7 f5 29. Na5 Rdc7 30. b6 Rf7 31. Rxb7 Rxb7 32. Nxb7 Nd7 33. Ra7 Ra8 34. Qa1 Rxa7 35. bxa7 Qa8 36. Nd8 Ndxc5 37. Bxc5 Nxc5 38. Qa5 Ne4 39. Qb6 Nxg3 40. Qb8 1-0

[Event "BCF-ch U180"]
[Site "Coventry"]
[Date "2015.07.29"]
[Round "3"]
[White "Newell, David F"]
[Black "Long, Matthew"]
[Result "0-1"]
[WhiteElo "1874"]
[BlackElo "2140"]
[PlyCount "71"]
[EventDate "2015.07.27"]
[EventType "swiss"]
[EventRounds "5"]
[EventCountry "ENG"]
[SourceTitle "EXT 2016"]
[Source "ChessBase"]
[SourceDate "2015.10.08"]
[SourceVersion "1"]
[SourceVersionDate "2015.10.08"]
[SourceQuality "1"]

1. f4 d6 2. Nf3 Nf6 3. g3 g6 4. Bg2 Bg7 5. 0-0 0-0 6. d3 c5 7. c3 Nc6 8. Na3 Rb8 9. e4 Bd7 10. Nc2 b5 11. Bd2 c4 12. Qe2 cxd3 13. Qxd3 Qc7 14. Nfd4 Nxd4 15. cxd4 d5 16. Nb4 dxe4 17. Bxe4 Nxe4 18. Qxe4 Bf5 19. Qe3 Rfd8 20. Bc3 Qb6 21. Rad1 Rd7 22. Rd2 Rbd8 23. Nc2 Be6 24. a3 a5 25. Kf2 Bd5 26. Ne1 b4 27. Nd3 bxc3 28. bxc3 Qb5 29. Rb2 Qc4 30. Nc5 Rc7 31. Rfb1 Bc6 32. g4 Qd5 33. Rg1 Rcc8 34. Na6 Qc4 35. Nc5 Rxd4 36. Rh1 0-1

[Event "Guernsey Holiday op"]
[Site "Guernsey"]
[Date "2008.10.24"]
[Round "6"]
[White "Newell, David F"]
[Black "Gibson, John F"]
[Result "1-0"]
[WhiteElo "1632"]
[BlackElo "1584"]
[PlyCount "99"]
[EventDate "2008.10.19"]
[EventType "swiss"]
[EventRounds "7"]
[EventCountry "GCI"]
[SourceTitle "EXT 2011"]
[Source "ChessBase"]
[SourceDate "2010.11.26"]
[SourceVersion "1"]
[SourceVersionDate "2010.11.26"]
[SourceQuality "1"]

1. d4 e6 2. Nf3 f5 3. Bf4 Nf6 4. e3 Be7 5. h3 0-0 6. Bd3 d6 7. Nbd2 Nc6 8. c3 Qe8 9. 0-0 Qh5 10. Bg5 h6 11. Bh4 e5 12. Bc4+ Kh8 13. dxe5 dxe5 14. Nxe5 Nxe5 15. Qxh5 Nxh5 16. Bxe7 Re8 17. Be2 Rxe7 18. Bxh5 Be6 19. Nf3 Bd5 20. Rfd1 Bxf3 21. Bxf3 Nxf3+ 22. gxf3 Rae8 23. Rd5 g6 24. Rad1 Kg7 25. Kf1 Kf7 26. Kg2 Re6 27. Kg3 Kf6 28. h4 R8e7 29. Rd7 b6 30. Rd8 Re8 31. Rxe8 Rxe8 32. Rd7 Re7 33. Rxe7 Kxe7 34. e4 Kf6 35. Kf4 g5+ 36. hxg5+ hxg5+ 37. Ke3 Ke5 38. b4 b5 39. Kd3 a6 40. Ke3 fxe4 41. fxe4 g4 42. f4+ gxf3 43. Kxf3 Ke6 44. Kf4 Kf6 45. e5+ Ke6 46. Ke4 c6 47. Kf4 Ke7 48. Kf5 Kf7 49. e6+ Ke7 50. Ke5 1-0